|
|
|
|
| LEADER |
00000nam0a2200000 4500 |
| 001 |
117448 |
| 005 |
20231031123758.0 |
| 010 |
|
|
|a 9785939131322
|
| 035 |
|
|
|a (RuTPU)RU\TPU\book\127129
|
| 090 |
|
|
|a 117448
|
| 100 |
|
|
|a 20070602d2007 m y0rusy50 ca
|
| 101 |
0 |
|
|a rus
|
| 102 |
|
|
|a RU
|
| 105 |
|
|
|a a j 001zy
|
| 200 |
1 |
|
|a Электронный каталог: проблемы и решения
|e учебно-практическое пособие
|f М. И. Вершинин
|
| 210 |
|
|
|a СПб.
|c Профессия
|d 2007
|
| 215 |
|
|
|a 232 с.
|c ил.
|
| 225 |
1 |
|
|a Библиотека
|
| 320 |
|
|
|a Библиография в конце глав.
|
| 330 |
|
|
|a Книга является первым изданием, посвященным различным аспектам работы с электронным каталогом. От программного обеспечения — до возможных поисковых стратегий. Автор подробно рассматривает проблемы создания электронных каталогов в различных типах библиотек, предлагает собственные подходы к их ведению и поиску. Пособие предназначено для широкого круга библиотечных работников, специалистов по автоматизации библиотечной деятельности, для студентов и аспирантов вузов культуры, изучающих курсы внедрения и использования информационных технологий в современной библиотеке.
|
| 610 |
1 |
|
|a библиотеки
|
| 610 |
1 |
|
|a библиотечное дело
|
| 610 |
1 |
|
|a библиотечные каталоги
|
| 610 |
1 |
|
|a электронные каталоги
|
| 610 |
1 |
|
|a информационные технологии
|
| 610 |
1 |
|
|a автоматизация
|
| 610 |
1 |
|
|a теория
|
| 610 |
1 |
|
|a история
|
| 610 |
1 |
|
|a практика
|
| 610 |
1 |
|
|a ошибки
|
| 610 |
1 |
|
|a интерфейсы
|
| 610 |
1 |
|
|a практические пособия
|
| 610 |
1 |
|
|a учебные пособия
|
| 686 |
|
|
|a Ч736.2
|v LBC/SL-A
|2 rubbk
|
| 686 |
|
|
|a Ч738я73
|v LBC/SL-A
|2 rubbk
|
| 700 |
|
1 |
|a Вершинин
|b М. И.
|
| 801 |
|
1 |
|a RU
|b 63413507
|c 20070602
|g PSBO
|
| 801 |
|
2 |
|a RU
|b 63413507
|c 20220714
|g PSBO
|
| 942 |
|
|
|c BK
|
| 959 |
|
|
|a 46/20070529
|d 1
|e 165,00
|f НМО:1
|